Rintisan rasa

Bibliographic Details
Main Author: Mohd.Ghazali Tocheh
Format: Book
Published: Kuala Lumpur : DBP , 1993
Subjects:

MARC

LEADER 00000cam a2200000 7i4500
001 0000006339
002 000006844
005 20000330.0
020 |a 9836234632 
090 0 0 |a F   |b MOH 
100 0 |a Mohd.Ghazali Tocheh 
245 1 0 |a Rintisan rasa   |c Mohd.Ghazali Tocheh 
260 |a Kuala Lumpur :   |b DBP ,   |c 1993 
300 |a 168p. ;   |c 18cm. 
650 0 0 |a Youth adult fiction 
999 |a 039325   |b BUKU   |c YOUTH FICTION   |e PERPUSTAKAAN KOMUNITI PETALING JAYA 
999 |a 039326   |b BUKU   |c YOUTH FICTION   |e PERPUSTAKAAN KOMUNITI PETALING JAYA